| 000 | 01085cam a22001934a 4500 | ||
|---|---|---|---|
| 005 | 20250605164355.0 | ||
| 008 | 250528s ||||||||||||||||||||||||d | ||
| 035 | _a24305 | ||
| 040 |
_aGR-AtMCL _bgre _dGR-AtMCL _eAACR2 |
||
| 245 | 1 | _aThe Sport and Exercise Scientist / The BASES Expert Statement the Use of Cooling Therapies for Post Exercise Recovery | |
| 260 | _c2021 | ||
| 300 | _a31 | ||
| 520 | _aThe BASES Expert Statement on the Use of Cooling Therapies for Post Exercise Recovery, Mental Health in Sport and Physical Activity Conference Report, Investigating the Effects of Foot Strike Modality on Second Metatarsal Stress During Running, Hamstring and Hip anf Groin Injury in Football; You Won't Go Wrong Remaining Strong, Physical Activity Promotion: Is It Time to Focus on Reducing Sedentary Behaviours?, Student Retention in Higher Education (HE): Time for a Rethink?, Sports Nutrition in International Tournament Football. | ||
| 700 | 1 |
_aGledhill Adam _99449 |
|
| 942 | _cCR | ||
| 710 | 2 |
_aBASES Conference _99836 |
|
| 999 |
_c9195 _d9195 |
||